00637nam a2200181Ia 4500008004100000020001500041041001200056082001600068100001400084245008800098260004100186300000800227650001200235700002100247942000700268999001300275952016700288221030s9999 xx 000 0 und d a8177584375 aEnglish a105.23bMis aS. Mishra 0aCommunication Skills for Engineers ( DEPARTMENTAL )cby S. Mishra, C. Muralikrishna bPearson EducationaNew Delhic2006 a257 aEnglish aC. Muralikrishna cBK c920d920 pBE 8365g175.00l0o105.23 Misr2022-10-30 00:00:00w2022-10-30yBK003Print4070aMIETLIBbMIETLIBcBL-Departmental, FL-1, CUP-88, SH-6, R-6d2006-11-0210HBE